Quiz sur le Tibet - Statistiques

Statistiques générales
  • Ce quiz a été pris 47 fois
  • Le résultat moyen est 5 sur 15
Statistiques - réponses
Question Réponse % Correct
Pays ou le Tibet est situé Chine
98%
Capitale Lhassa
71%
Religion majoritaire Bouddhisme
69%
Nombre d'habitant (Millions) 6
62%
La célèbre bande dessinée qui envoie son aventurier au Tibet Tintin
60%
L'altitude de l'Everest (centaine près) 8 848
40%
Gentilé Tibétains
31%
L'année ou a eu lieu le soulèvement tibétain 1959
20%
La matière première dans le sous-sol du Tibet Or
13%
L'année de la création du drapeau du Tibet 1916
9%
Le nom d'une des 3 régions traditionnelles Ü-Tsang - Amdo - Kham
9%
A quelle siècle est créé le Tibet 7ème siècle
0%
Le surnom de l'équipe de football du Tibet Les Lions des Neiges
0%
Dirigeant de l'Administration centrale tibétaine Penpa Tsering
0%
Le deuxième nom de la région autonome du Tibet Xizang
0%
Aucun quiz correspondant
Distribution des résultats
% des personnes avec chaque résultat
Percentile par nombre de réponses
Votre historique - résultats
Vous n’avez pas pris ce quiz